000 00603nam a2200229Ia 4500
003 OSt
005 20220928115724.0
006 a|||||r|||| 00| 0
007 ta
008 220927b |||||||| |||| 00| 0 eng d
024 _a89485
037 _cTextual
040 _aSDCL
_cSDCL
_beng
041 _2eng
_aeng
082 _aX9W, L4
100 _aBanerji A N
_9445763
245 0 _aPricing and investment in public enterprise
260 _aNew Delhi
_bOxford & IBH Publishing
_c1974
300 _axi,342p
_ccm.
942 _hX9W, L4
_cTEXL
_2CC
999 _c760658
_d760658